Statistics for Agadir–Al Massira Airport Destinations (Agadir, Morocco)

Click here to take the quiz!

General Stats

  • This quiz has been taken 24 times
    (10 since last reset)
  • The average score is 46 of 60

Answer Stats

AirlineDestination% Correct
Royal Air Maroc/Royal Air Maroc ExpressCasablanca
100%
British Airways/easyJet/TUI Airways/Wizz AirLondon (Gatwick)
100%
easyJetLondon (Luton)
100%
Jet2.com/RyanairLondon (Stansted)
100%
easyJet/Jet2.com/Ryanair/TUI AirwaysManchester
100%
Jet2.com/Ryanair/TUI AirwaysBirmingham
88%
Jet2.comBristol
88%
TUI fly BelgiumBrussels
88%
Scandinavian AirlinesCopenhagen
88%
RyanairDublin
88%
Air Arabia/RyanairFes
88%
Condor/TUI fly DeutschlandFrankfurt
88%
easyJetGeneva
88%
Binter CanariasGran Canaria
88%
easyJet/Ryanair/TAP Air PortugalLisbon
88%
LuxairLuxembourg
88%
easyJet/TransaviaLyon
88%
RyanairMadrid
88%
RyanairMarseille
88%
Ryanair/TransaviaNantes
88%
easyJetNice
88%
easyJetParis (Charles de Gaulle)
88%
Royal Air Maroc/Transavia/TUI fly Belgium/VuelingParis (Orly)
88%
Ryanair/TAP Air PortugalPorto
88%
airBalticRiga
88%
Bulgaria AirSofia
88%
Scandinavian AirlinesStockholm (Arlanda)
88%
RyanairValencia
88%
Edelweiss AirZurich
88%
easyJetBasel/Mulhouse
75%
CondorBerlin
75%
RyanairBordeaux
75%
RyanairCologne/Bonn
75%
RyanairEdinburgh
75%
easyJet/Jet2.comGlasgow
75%
RyanairHahn
75%
CondorHamburg
75%
CondorMunich
75%
EurowingsPrague
75%
Air ArabiaRabat
75%
RyanairStrasbourg
75%
Air Arabia/RyanairTangier
75%
RyanairTenerife (South)
75%
RyanairToulouse
75%
RyanairVienna
75%
Wizz AirWarsaw (Chopin)
75%
RyanairWroclaw
75%
RyanairBeauvais
63%
RyanairBergamo
63%
RyanairCharleroi
63%
Condor/Eurowings/TUI fly DeutschlandDusseldorf
63%
RyanairKrakow
63%
Jet2.comLeeds/Bradford
63%
TUI fly BelgiumLille
63%
RyanairBournemouth
38%
Royal Air MarocLaayoune
38%
RyanairPerpignan
38%
RyanairWeeze
38%
Royal Air MarocDakhla
25%
RyanairOudja
0%

Score Distribution

Percentile by Number Answered

Percent of People with Each Score

Your Score History

You have not taken this quiz since the last reset